Iný majetok ako predmet daňového odpisovania

Definovanie pojmu "iný majetok" v ustanovení par. 26 ods. 3 zákona o daniach z príjmov. Pojem technické zhodnotenie a jeho vymedzenie na účely daňového zákona. Technické zhodnotenie a oprava hmotného majetku. Za iný majetok, ktorý možno samostatne odpisovať považuje daňový zákon aj otvárky nových lo...

Ausführliche Beschreibung

Gespeichert in:
Bibliographische Detailangaben
1. Verfasser: Fekete, Imrich
Format: Buchkapitel
Sprache:Slowakisch
Schlagworte:
Tags: Tag hinzufügen
Keine Tags, Fügen Sie das erste Tag hinzu!

MARC

LEADER 00000naa a2200000 4500
001 r035859
005 20230926081702.4
041 0 |a slo 
044 |a SK 
245 1 0 |a Iný majetok ako predmet daňového odpisovania  |c Imrich Fekete 
520 |a Definovanie pojmu "iný majetok" v ustanovení par. 26 ods. 3 zákona o daniach z príjmov. Pojem technické zhodnotenie a jeho vymedzenie na účely daňového zákona. Technické zhodnotenie a oprava hmotného majetku. Za iný majetok, ktorý možno samostatne odpisovať považuje daňový zákon aj otvárky nových lomov, pieskovní a hlinísk. Posudzovanie výdavkov na technické rekultivácie. Podmienky, ktoré musia byť splnené, aby sa technické rekultivácie mohli považovať za iný majetok. 
610 2 0 |a odpisy daňové 
610 2 0 |a majetok 
610 2 0 |a zhodnotenie majetku 
610 2 0 |a opravy 
610 2 0 |a odpisy 
610 2 0 |a rekultivácia 
100 1 |a Fekete, Imrich